School

Bibliographic Details
Format: Book

MARC

LEADER 00000cam a2200000 7i4500
001 0000007217
002 000007762
005 20000330.0
020 |a 0721451608 
090 0 0 |a J 032.02   |b LAD 
245 0 0 |a School 
999 |a 027018   |b BUKU   |c PINJAMAN   |e PERPUSTAKAAN KOMUNITI PETALING JAYA